000 01599nam a2200349 a 4500
001 000017715
003 DO-SdBPM
005 20250821135729.0
007 ta
008 100330s1976 dr a 000 0 spa d
040 _aDO-SdBPM
_bspa
_cBPMSU
_drda
049 _a
082 4 _a923.27293
_bD812i 1976
_222
245 0 0 _aDuarte y la independencia nacional /
_cFranklin Franco... [et al.].
264 _aSanto Domingo :
_bEdiciones INTEC,
_c1976.
300 _a170 páginas ;
_c24 cm.
_b
336 _atexto
_btxt
_2rdacontent
337 _asin mediación
_bn
_2rdamedia
338 _avolumen
_bnc
_2rdacarrier
504 _aIncluye bibliografía y notas al pie de las páginas.
504 _aBibliografía : p. 169-170.
505 0 _aIntroducción --
_tLa sociedad dominicana de los tiempos de la independencia /
_rFranklin Franco --
_tLa sociedad haitiana de los tiempos de la independencia /
_rRoberto Cassá --
_tInfluencia de Juan Pablo Duarte /
_rPedro Troncoso Sánchez --
_tLa Trinitaria : su fundación, desarrollo y acciones /
_rJorge Tena Reyes --
_tLa ideología revolucionaria de Juan Pablo Duarte /
_rJuan Isidro Jiménes Grullón.
590 _aInventariado, 2025/VM
600 z _aDuarte y Diez, Juan Pablo,
600 7 _aDuarte, Juan Pablo,
_d1813-1876
651 0 _aRepública Dominicana --
_xHistoria --
_y1844-1930
651 4 _aRepública Dominicana
_xHistoria
_yOCUPACIÓN HAITIANA, 1822-1844
651 z _aDominican Republic --
_xHistory --
_y1844-1930
710 2 _aInstituto Tecnológico de Santo Domingo
910 _aVMateo V. Control de calidad BPMSU
942 _2ddc
_cBK
999 _c15349
_d15349